The Best Defenders In FIFA 16 - Statistics

General Stats
  • This quiz has been taken 289 times
  • The average score is 17 of 38
Answer Stats
Rating Player % Correct
87 Sergio Ramos
96%
85 Gerard Pique
84%
88 Thiago Silva
83%
87 Jerome Boateng
81%
86 Mats Hummels
75%
83 Marcelo
70%
87 Giorgio Chiellini
69%
84 Jordi Alba
67%
85 Vincent Kompany
66%
84 Dani Alves
64%
85 John Terry
64%
82 Raphael Varane
64%
83 David Luiz
62%
84 Pepe
62%
85 Diego Godin
60%
85 David Alaba
59%
83 Leonardo Bonucci
55%
84 Nicolas Otamendi
47%
83 Garry Cahill
46%
84 Andrea Barzagli
43%
83 Javier Mascherano
40%
83 Laurent Koscielny
39%
83 Per Mertesacker
35%
84 Medhi Benatia
29%
84 Javi Martinez
28%
83 Nemanja Vidic
24%
83 Sokratis Papastathopoulos
23%
84 Miranda
22%
85 Naldo
22%
83 Aymeric Laporte
20%
82 Skhodran Mustafi
20%
83 Jeremy Mathieu
18%
83 Benedikt Howedes
14%
82 Kostas Manolas
14%
83 Leighton Baines
14%
83 Ricardo Rodriguez
9%
83 Ezequil Garay
8%
82 Stephan de Vrij
8%
No matching quizzes found
Score Distribution
Percent of People with Each Score
Percentile by Number Answered
Your Score History
You have not taken this quiz